000 00470nam a22001937a 4500
003 CEME
005 20210628202657.0
008 210125b xxu||||| |||| 00| 0 eng d
020 _a81-7319-540-4
040 _c.
082 _a621.8 RAM
100 _aRamamurti, V
_961036
245 _aMechanics of machines
250 _a2ND
260 _aNEW DELHI
_bNAROSA PUBLISHING
_c2005
300 _aXIV,333 P
650 _aMECHANICS OF MACHINES
_961037
942 _cBK
_2ddc
999 _c570604
_d570604